| 000 | 00740nac a22002171u 4500 | ||
|---|---|---|---|
| 010 | _a 00025052 | ||
| 020 | _a0316777722 (alk. paper) | ||
| 082 | 0 | 0 |
_a814.54 _bSED |
| 090 |
_c9353 _d9353 |
||
| 100 | _aSedaris, David. | ||
| 245 | 1 | 0 |
_aMe talk pretty one day / _cDavid Sedaris. |
| 250 | _a1st ed. | ||
| 260 |
_aBoston : _bLittle, Brown & Co.c2000. _cc2000. |
||
| 300 |
_a272 p. ; _c22 cm. |
||
| 500 | _aDistributer: Al-Ahram. | ||
| 511 | _aCatalogued By: Mahitab. | ||
| 650 | 0 |
_aAmericans _zFrance _zParis _vHumor. |
|
| 651 | 0 | _aParis (France) | |
| 942 |
_cBB _k814.54SED |
||
| 999 |
_c9353 _d9353 |
||